000 00338 a2200157 4500
001 70252
020 _a
040 _cAnchieta - Itaigara
100 _aRocha, Kátia
240 1 0 _aA poesia das coisas
_lpor
245 1 0 _aA poesia das coisas
300 _a45p.
362 0 _a2002
650 4 _aLiteratura infanto-juvenil
942 _cBK
999 _c70252
_d70252